000 00558nam a2200133Ia 4500
008 220620s9999||||xx |||||||||||||| ||und||
022 _a16134214
100 _aRabe, Johannes
245 0 _aLane-Precise Localization with Production Vehicle Sensors and Application to Augmented Reality Navigation
546 _aEnglish[eng]
650 _alocalization augmented Reality navigation route guidance particle filter||Lokalisierung Erweiterte Realität Navigation Routenführung Partikelfilter
856 _uhttps://www.ksp.kit.edu/9783731508540
942 _cEB
999 _c21786
_d21786